Новые возможности и перспективы использования графита; Экотехнологии и ресурсосбережение; № 1

Bibliografiske detaljer
Parent link:Экотехнологии и ресурсосбережение: научно-технический журнал/ Национальная академия наук Украины (НАНУ) ; Институт газа Украины.— , 1994-2008.— 0235-3482
№ 1.— 2004.— С. 24-29
Andre forfattere: Бондаренко Б. И., Кожан А. П., Сергиенко А. А., Семенюк Н. И.
Sprog:russisk
Udgivet: 2004
Serier:Переработка сырья и ресурсосбережение
Fag:
Format: Book Chapter
KOHA link:https://koha.lib.tpu.ru/cgi-bin/koha/opac-detail.pl?biblionumber=392426

MARC

LEADER 00000naa2a2200000 4500
001 392426
005 20231101064249.0
035 |a (RuTPU)RU\TPU\prd\27761 
090 |a 392426 
100 |a 20040913a2004 k y0rusy50 ca 
101 0 |a rus 
102 |a UA 
200 1 |a Новые возможности и перспективы использования графита  |f Б. И. Бондаренко, А. П. Кожан, А. А. Сергиенко, Н. И. Семенюк 
225 1 |a Переработка сырья и ресурсосбережение 
320 |a Библиогр.: 2 назв. 
461 1 |0 (RuTPU)RU\TPU\prd\1029  |x 0235-3482  |t Экотехнологии и ресурсосбережение  |o научно-технический журнал  |f Национальная академия наук Украины (НАНУ) ; Институт газа Украины  |d 1994-2008 
463 1 |0 (RuTPU)RU\TPU\prd\26009  |t № 1  |v С. 24-29  |d 2004 
610 1 |a графит 
610 1 |a мировые запасы 
610 1 |a проигводители графита 
610 1 |a обогащение графита 
610 1 |a терморасширенный графит 
675 |a 661.666.2:666.183  |v 3 
701 1 |a Бондаренко  |b Б. И. 
701 1 |a Кожан  |b А. П. 
701 1 |a Сергиенко  |b А. А. 
701 1 |a Семенюк  |b Н. И. 
801 1 |a RU  |b 63413507  |c 20040913  |g PSBO 
801 2 |a RU  |b 63413507  |c 20120412  |g RCR 
942 |c BK